| 000 | 01187nam a2200289 a 4500 | ||
|---|---|---|---|
| 001 | 000048739 | ||
| 005 | 20201002061354.0 | ||
| 008 | 190411s2016 dr a 000 0 spa d | ||
| 020 | _a9789945167399 (o.c.) | ||
| 020 | _a9789945167405 (v. 1) | ||
| 020 | _a9789945167412 (v. 2) | ||
| 020 | _a9789945167429 (v. 3) | ||
| 020 | _a9789945167467 (v. 4) | ||
| 040 |
_aDO-SdBNP _bspa _cBNPHU |
||
| 082 |
_axxxx _bxxxx |
||
| 100 | 1 |
_aPérez Perdomo, Flor Angélica _976193 |
|
| 245 | 1 | 0 |
_aRecorrido literario : _bantología de los escritores más sobresalientes de la literatura universal / _cFlor Angélica Pérez Perdomo, Jesús Manuel Pérez Perdomo, Rosa Pérez Perdomo. |
| 260 |
_aSanto Domingo, : _bBúho, _c2016. |
||
| 300 |
_a4 v. : _bil. ; _c23 cm. |
||
| 490 | 1 | _aLiteratura al alcance de todos; | |
| 505 | 2 |
_gv. 1 -- _tLiteratura Grecorromana -- _gv. 2 -- _tLiteratura Española -- _gv. 3 -- _tLiteratura Inglesa -- _gv. 4 -- _tLiteratura Rusa / |
|
| 500 | _aLos volumenes contienen bibliografías | ||
| 590 | _aInventariado, 2019/ YL | ||
| 700 | 1 | 2 |
_aPérez Perdomo, Jesús Manuel _976194 |
| 700 | 1 | 2 |
_aPérez Perdomo, Rosa _976195 |
| 830 | 0 |
_aLiteratura al alcance de todos _976196 |
|
| 999 |
_c48227 _d48227 |
||